000 01809nam a2200313 4500
001 0000100124
005 20250329165436.0
008 190730s2024 000 0 eng d
040 _aCO-CtgCURN
_bspa
_ccoctgcurn
041 0 _aspa
082 0 _aENF2022
_bA958
100 1 _aÁvila Hernández, Anguie Milagros de .
245 1 0 _aConocimientos y prácticas sobre medicina ancestral en el cuidado de enfermedades crónicas no transmisibles en San Basilio de Palenque, 2024 /
_cAnguie Milagros de Ávila Hernández; Estefanía Hernández Lora; María Alejandra Montes Cortés; Doreimis Yulieth ReyesTejedor; Asesora: Diana Carolina Marsiglia López .
260 _aCartagena de Indias :
_bCorporación Universitaria Rafael Núñez,
_c2024.
300 _a132 hojas.
336 _2rdacontent
_atext
_btxt
337 _2rdacarrier
_asin mediacion
_bn
338 _2rdacarrier
_avolumen
_bnc
502 _aTrabajo de grado (Enfermeria). Corporacion Universitaria Rafael Nuñez. Facultad de Ciencias de la salud. Enfermeria, 2024.
520 _a" La medicina tradicional, percibida como segura y accesible, coexiste con la convencional en muchas regiones, siendo adoptada por sus enfoques holísticos y en respuesta a limitaciones en el acceso a la atención médica"
650 0 _aEnfermeria
_vTesis y disertaciones academicas.
700 1 _aHernández Lora, Estefanía.
700 1 _aMontes Cortés, María Alejandra.
700 1 _aReyesTejedor, Doreimis Yulieth.
700 1 _aMarsiglia López, Diana Carolina,
_easesora.
856 _uhttps://unicurn.sharepoint.com/:b:/s/biblioteca/Edar6UjwrxZEpxeBUX7fmH8BOg06CwQEErbgY95uU-5XDg?e=KsP6dP
_zClick para ver el recurso en texto completo
942 _cTG
_hENF 2024
_iA958
999 _c4125
_d4125